| 000 | 00407nam a2200169Ia 4500 | ||
|---|---|---|---|
| 001 | 66436 | ||
| 008 | 150514s9999 xx 000 0 und d | ||
| 020 | _a9780230249455 | ||
| 040 | _cPK-LaUMT | ||
| 082 |
_a616.0019 _bROD-H |
||
| 100 | _aRodham, Karen | ||
| 245 |
_aHealth psychology _cRodham, Karen |
||
| 260 |
_aLondon,UK: _bPalgrave Macmillan, _c1988 |
||
| 300 | _a213 p. | ||
| 546 | _aEN | ||
| 942 | _cBK | ||
| 999 |
_c71264 _d71264 |
||